| 000 | 01710nam a2200421 i 4500 | ||
|---|---|---|---|
| 003 | OSt | ||
| 005 | 20260120173324.0 | ||
| 008 | 260108t20252025my ao er 001 0 eng d | ||
| 020 |
_a9786299534303 _cRM 280.00 _qhardback |
||
| 040 |
_aPPAK _beng _cPPAK _erda |
||
| 041 | 1 |
_aeng _hmay |
|
| 082 | 0 | 4 |
_a391.00899923 _223 |
| 090 | 0 | 0 |
_a391.00899923 _bAZA _dR |
| 100 | 0 |
_aAzah Aziz, _d1928-2012 _eauthor. |
|
| 240 | 1 | 0 |
_aRupa & gaya : Busana Melayu. _lEnglish |
| 245 | 1 | 0 |
_aMalay Textiles and Custumes FORM AND STYLE / _cAZAH AZIZ ; Translated by Sharifah Shifa Al-Attas and Raimy Che'-Ross ; Edited by Farizah Jaafar ; Book Design by William Harald-Wong & Associates Sdn. Bhd. |
| 264 | 1 |
_aKuala Lumpur : _bTITA PUBLICATIONS SDN BHD, _c[2025] |
|
| 264 | 4 | _c©2025 | |
| 300 |
_a417 pages : _bcolour photographs ; _c31 cm |
||
| 336 |
_atext _2rdacontent |
||
| 336 |
_astill image _2rdacontent |
||
| 337 |
_aunmediated _2rdamedia |
||
| 338 |
_avolume _2rdacarrier |
||
| 500 | _aOriginally published in Malay by Penerbit Universiti Kebangsaan Malaysia, 2006 | ||
| 500 | _aIncludes index. | ||
| 504 | _aBibliography: pages 403-406 | ||
| 546 | _aText in English, translated from Malay. | ||
| 583 |
_aRetained _f“This book must not be disposed of.” |
||
| 650 | 1 | 0 |
_aMalays (Asian people) _xClothing |
| 650 | 2 | 0 |
_aEthnic costume _zMalaysia |
| 650 | 2 | 0 |
_aClothing and dress _zMalaysia |
| 700 | 0 |
_aSharifah Shifa Al-Attas, _etranslator. |
|
| 700 | 0 |
_aRaimy Che-Ross, _d1972- _etranslator. |
|
| 700 | 0 |
_aFarizah Jaafar, _eeditor. |
|
| 710 | 2 |
_aWilliam Harald-Wong & Associates Sdn. Bhd., _eillustrator. |
|
| 765 | 0 | _tRupa & gaya : Busana Melayu | |
| 942 |
_2ddc _cB |
||
| 999 |
_c202644 _d202644 |
||